000 00661nam a2200229 i 4500
001 bgj
100 1 _aBRZOZOWSKI, Radosław
245 1 0 _aAdvance :
_bpre-intermediate : podręcznik /
_cRadosław Brzozowski ; Phillip Smith.
260 _aWarszawa :
_bWydawnictwo Szkolne PWN,
_c2002.
300 _a149 pp :
_bill. ;
_c29 cm.
490 1 _aJĘZYK ANGIELSKI
650 9 _aEnglish language
655 _aTextbooks for foreigners
700 1 _aSMITH, Phillip.
_eco-author
830 _aJĘZYK ANGIELSKI
020 _a8371954506
040 _cBPK
041 0 _aeng
920 _a83-7195-450-6
942 _cKS
008 s uk f |000 0 eng
999 _c48938
_d48938
856 _uhttp://koha.tu.koszalin.pl/cgi-bin/koha/opac-detail.pl?biblionumber=48938
_yKatalog online BPK